Affrontez l'Alphabet #14 - Statistiques

Statistiques générales
  • Ce quiz a été pris 81 fois
  • Le résultat moyen est 5 sur 11
Statistiques - réponses
Hint Réponse % Correct
Donne les 2 lettres manquantes dans le nom de la marque d'eau minérale française du bassin de Vichy : Saint-_ _rre YO
100%
Donne les 2 lettres manquantes dans le nom du fabricant japonais de pneus fondé en 1931 : Brid_es_one GT
86%
Donne les 2 lettres manquantes dans le nom de la 5e chanson de l'album Nevermind de Nirvana : Lithi_ _ UM
81%
Donne les 2 lettres manquantes dans le nom de la Fable de La Fontaine aussi connu sous le nom Les Lapins : Les Discours à Monsieur le Duc de La _oc_efoucauld HR
53%
Donne les 2 lettres manquantes dans le nom du personnage joué par Bruno Moynot dans Le père Noël est une ordure : Zadko Preskov_ _ IC
53%
Donne les 2 lettres manquantes dans le nom de la 3e commune la plus peuplée (en 2022) du Gard : _agnols-sur-Cè_e BZ
36%
Donne les 2 lettres manquantes dans le nom donné à l'armée de l'air allemande à sa création, en 1935, par Göring : Lu_t_affe FW
24%
Donne les 2 lettres manquantes dans le nom de Miss France 2019 : Vaimalama Cha_e_ VS
19%
Donne les 2 lettres manquantes dans le nom du 14eme épisode de la série TV The Walking Dead : _ebras_a NK
17%
Donne les 2 lettres manquantes dans le nom du 10e président des États-Unis, en fonction du 4 avril 1841 au 4 mars 1845 : John Ty_ _r LE
16%
Dernière Question : Donne la dernière lettre de la traduction de boeuf musqué en anglais X (muskox)
9%
Aucun quiz correspondant
Distribution des résultats
% des personnes avec chaque résultat
Percentile par nombre de réponses
Votre historique - résultats
Vous n’avez pas pris ce quiz